Estética

Gespeichert in:
Bibliographische Detailangaben
1. Verfasser: Osborne, Harold (autor)
Format: Buch
Sprache:Spanisch
Veröffentlicht: Ciudad de México Fondo de Cultura Económica 1976
Ausgabe:1a. ed
Schriftenreihe:Breviarios, 268
Schlagworte:
Tags: Tag hinzufügen
Keine Tags, Fügen Sie den ersten Tag hinzu!

MARC

LEADER 00000cam a2200000 a 4500
001 UCX2254
003 CL-VaPUC
008 910415e19760000MX |||||||||||||||||spa|d
082 0 4 |a 701.17  |b OSB  |2 21 
100 |a Osborne, Harold  |e autor  |9 318137 
245 1 0 |a Estética 
250 |a 1a. ed 
300 |a 308 p 
942 |c BK 
945 |d 19910415 00:00:00 
260 |a Ciudad de México  |b Fondo de Cultura Económica  |c 1976 
650 0 |a Estética   |9 264950 
650 0 |a Arte  |9 265238 
583 |a last modification  |c 20130924 06:56:22  |k Rodrigo Vera 
490 0 |a Breviarios, 268 
999 |c 223316  |d 223314 
952 |0 0  |1 0  |4 0  |6 701_170000000000000_OSB_1976  |7 0  |8 A  |9 218967  |a BIBEDU  |b BIBEDU  |c ES_NOD  |d 2019-11-15  |i 1414925  |l 1  |m 2  |o 701.17 OSB 1976  |p 1414925  |r 2024-11-26  |s 2024-11-04  |w 2019-11-15  |y BK  |k LIT 
952 |0 0  |1 0  |3 erd  |4 0  |6 701_170000000000000_OSB_1976  |7 0  |8 A  |9 218968  |a BIBART  |b BIBART  |d 2019-11-15  |i 5010624  |l 1  |o 701.17 OSB 1976  |p 5010624  |r 2025-03-13  |s 2024-06-28  |w 2019-11-15  |y BK  |z Catalogado en:20131011  |k ART